000 01503nam a22003737a 4500
999 _c1021
_d1021
001 000914
003 CoMeUDC000914
005 20190129201725.0
008 990903s1997 ck ab b f000 0 spa d
010 _a 99486549
020 _a9586281442
035 _a(OCoLC)ocm40896852
040 _aAGL
_cCoMeUDC
_dDLC
042 _alccopycat
043 _acl-----
050 0 0 _aQC988.C8
_bM47 1997
082 0 0 _a551.6
_221
_bM578
100 1 _aMesa S., Oscar J.
245 1 0 _aIntroducción al clima de Colombia /
_cOscar J. Mesa S., Germán Poveda J., Luis F. Carvajal S.
250 _a1. ed.
260 _aMedellín :
_bUniversidad Nacional de Colombia, Sede Medellín, Facultad de Minas, Posgrado en Aprobechamiento de Recursos Hidráulicos,
_c1997.
300 _a390 p. :
_bill., maps (some col.) ;
_c24 cm.
490 1 _aPublicación número 1,852 de la Institución "Fernando el Católico" de la Excma. Diputación de Zaragoza
504 _aIncludes bibliographical references (p. 381-390).
650 0 _aCambio climático
_91386
651 0 _aColombia
_xClima.
651 0 _aLatin America
_xClima.
700 1 _aPoveda J., Germán.
700 1 _aCarvajal S., Luis F.
_q(Luis Fernando)
830 0 _aPublicación ... de la Institución "Fernando el Católico" ;
_vno. 1852.
906 _a7
_bcbc
_ccopycat
_d3
_encip
_f20
_gy-gencatlg
942 _2ddc
_cBK